[Event "September Blitz"]
[Site "SchemingMind.com"]
[Date "2011.09.01"]
[Round "-"]
[White "e_castle3"]
[Black "mmccaffe"]
[Result "1-0"]
[WhiteCountry "PHI"]
[BlackCountry "USA"]
[WhiteElo "1849"]
[WhiteRD "52"]
[BlackElo "1668"]
[BlackRD "48"]
[GameID "292091"]

1. Nc3 Nf6 2. d4 d5 3. Nf3 e6 4. Bf4 a6 5. e3 c5 6. Be2 Bd6 7. Bg3 Nc6 8. dxc5 Bxc5 9. a3 O-O 10. O-O b5
11. b4 Bb6 12. Qb1 Bb7 13. a4 bxa4 14. b5 axb5 15. Qxb5 Qc7 16. Bxc7
1-0

[Event "September Blitz"]
[Site "SchemingMind.com"]
[Date "2011.09.01"]
[Round "-"]
[White "mmccaffe"]
[Black "e_castle3"]
[Result "1-0"]
[WhiteCountry "USA"]
[BlackCountry "PHI"]
[WhiteElo "1668"]
[WhiteRD "48"]
[BlackElo "1849"]
[BlackRD "52"]
[GameID "292092"]

1. e4 e5 2. Nf3 d6 3. d4 exd4 4. Nxd4 Nc6 5. Nxc6 bxc6 6. Nc3 Bb7 7. Bc4 Nf6 8. Bg5 h6 9. Bh4 g5 10. Bg3 Bg7
11. O-O O-O 12. f4 Nh5 13. fxg5 Qxg5 14. Rf5
1-0

[Event "September Blitz"]
[Site "SchemingMind.com"]
[Date "2011.09.02"]
[Round "-"]
[White "jtrochez1"]
[Black "e_castle3"]
[Result "0-1"]
[WhiteCountry "HON"]
[BlackCountry "PHI"]
[WhiteElo "1592"]
[WhiteRD "49"]
[BlackElo "1849"]
[BlackRD "52"]
[GameID "292126"]

1. e4 c6 2. Bc4 b5 3. Bb3 a5 4. a4 bxa4 5. Bxa4 e5 6. Nf3 Qf6 7. c3 h6 8. d4 exd4 9. Qxd4 Qxd4 10. cxd4 Nf6
11. e5 Bb4+ 12. Nc3 Nd5 13. Bd2 Nxc3 14. bxc3 Be7 15. O-O Ba6 16. Rfe1 Bc4 17. Be3 O-O 18. Nd2 Be6 19. c4 d5 20. c5 Rc8
21. Nf3 Nd7 22. Rab1 Rc7 23. Rb2 Bf5 24. Nd2 Nb8 25. Nf1 f6 26. Ng3 Bg6 27. f4 fxe5 28. fxe5 Bh4 29. Rb6 Bd8 30. Rb2 Na6
31. Bd2 Rcc8 32. Bc2 Bxc2 33. Rxc2 Nb4 34. Bxb4 axb4 35. Rb1 Rcb8 36. Ne2 Ra3 37. Nc1 Re3 38. Kf2 Re4 39. Nb3 Bg5 40. Re2 Rf8+
41. Ke1 Ref4 42. Nd2 Rxd4 43. Nf3 Rc4 44. Nxg5 hxg5 45. h3 Rb8 46. g4 Rxc5 47. e6 Kf8 48. Kd2 Ke7 49. Rf1 Rf8 50. Rc1 Rxc1
51. Kxc1 Rf3 52. Kd2 Rxh3 53. Re3 Rxe3
0-1

[Event "September Blitz"]
[Site "SchemingMind.com"]
[Date "2011.09.02"]
[Round "-"]
[White "jtrochez1"]
[Black "mmccaffe"]
[Result "1-0"]
[WhiteCountry "HON"]
[BlackCountry "USA"]
[WhiteElo "1571"]
[WhiteRD "53"]
[BlackElo "1628"]
[BlackRD "50"]
[GameID "292127"]

1. e4 e5 2. Bc4 Bc5 3. Nf3 Nc6 4. Nc3 Nf6 5. O-O O-O 6. Bb5 d6 7. Bxc6 bxc6 8. d3 h6 9. h3 Ba6 10. Na4 Bb6
11. Nxb6 cxb6 12. Re1 Qd7 13. Nh2 d5 14. exd5 cxd5 15. Rxe5 Rfe8 16. d4 Rxe5 17. dxe5 Ne4 18. Be3 Rc8 19. Bd4 Qc7 20. c3 Qc4
21. Qf1 Qxf1+ 22. Nxf1 Bxf1 23. Rxf1 f6 24. f4 fxe5 25. fxe5 Rf8 26. g4 Rxf1+ 27. Kxf1 Kf7 28. e6+ Kxe6 29. Bxg7 h5 30. gxh5 Ng3+
31. Kf2 Nxh5 32. Bd4 Nf6 33. Bxf6 Kxf6 34. Kf3
1-0

[Event "September Blitz"]
[Site "SchemingMind.com"]
[Date "2011.09.02"]
[Round "-"]
[White "e_castle3"]
[Black "jtrochez1"]
[Result "1-0"]
[WhiteCountry "PHI"]
[BlackCountry "HON"]
[WhiteElo "1849"]
[WhiteRD "52"]
[BlackElo "1592"]
[BlackRD "49"]
[GameID "292128"]

1. f4 d5 2. Nf3 Nc6 3. e3 e6 4. d4 a6 5. Ne5 Nf6 6. c3 Bd7 7. Bd3 Ne7 8. O-O Ng6 9. Nd2 c5 10. Ndf3 Nxe5
11. fxe5 c4 12. Bc2 Be7 13. Bd2 Ne4 14. Bxe4 dxe4 15. Ne1 b5 16. Qg4 O-O 17. Qxe4 Qc7 18. Qg4 f5 19. Qg3 Be8 20. Nf3 Bg6
21. Be1 a5 22. Nd2 Qd8 23. Bf2 Bh4 24. Qxh4 Qxh4 25. Bxh4 Rf7 26. Rf4 a4 27. Raf1 h6 28. e4 Bh7 29. exf5 Bxf5 30. R4f2 g5
31. Bg3 Raf8 32. b3 Bd3 33. Rxf7 Rxf7 34. Rxf7 Kxf7 35. Kf2 Kg6 36. Ke3 g4 37. bxc4 bxc4 38. a3 h5 39. Ne4 Bxe4 40. Kxe4
1-0

[Event "September Blitz"]
[Site "SchemingMind.com"]
[Date "2011.09.02"]
[Round "-"]
[White "mmccaffe"]
[Black "jtrochez1"]
[Result "1/2-1/2"]
[WhiteCountry "USA"]
[BlackCountry "HON"]
[WhiteElo "1668"]
[WhiteRD "48"]
[BlackElo "1592"]
[BlackRD "49"]
[GameID "292129"]

1. e4 e5 2. Nf3 Nc6 3. Bb5 d6 4. Bxc6+ bxc6 5. d4 exd4 6. Nxd4 Bd7 7. Nc3 h6 8. Be3 a6 9. O-O Be7 10. f4 Nf6
11. Qe1 Ng4 12. Bd2 h5 13. h3 Nf6 14. Qg3 Bf8 15. e5 h4 16. Qf3 Nd5 17. Nxd5 cxd5 18. Rae1 dxe5 19. fxe5 Qe7 20. Qxd5 Rd8
21. e6 Bxe6 22. Qc6+ Qd7 23. Qf3 Bc5 24. c3 Bxd4+ 25. cxd4 O-O 26. Bc3 Bd5 27. Qh5 Qc6 28. Qxh4 Rde8 29. Rxe8 Rxe8 30. Qf2 Bxa2
31. Qf5 Qb6 32. Qa5 Qxa5 33. Bxa5=
1/2-1/2

[Event "September Blitz"]
[Site "SchemingMind.com"]
[Date "2011.09.07"]
[Round "-"]
[White "emvarela"]
[Black "jtrochez1"]
[Result "1-0"]
[WhiteCountry "ARG"]
[BlackCountry "HON"]
[WhiteElo "1774"]
[WhiteRD "47"]
[BlackElo "1606"]
[BlackRD "54"]
[GameID "292150"]

1. d4 d5 2. c4 e6 3. Nc3 c6 4. Nf3 h6 5. e3 Bb4 6. Qb3 Bd6 7. cxd5 exd5 8. Be2 Nd7 9. O-O Ne7 10. Bd2 Qb6
11. Qxb6 Nxb6 12. a3 O-O 13. h3 Ng6 14. b4 a6 15. Bd3 Nc4 16. Bxc4 dxc4 17. Ne4 Be7 18. Rfc1 b5 19. Bc3 Nh4 20. Nxh4 Bxh4
21. g3 Be7 22. g4 f5 23. gxf5 Bxf5 24. Ng3 Bxh3 25. f4 Bh4 26. Kh2 Bxg3+ 27. Kxh3 Bxf4 28. exf4 Rxf4 29. Rg1 Rf3+ 30. Rg3 Raf8
31. Rg1 Rxg3+ 32. Rxg3 g5 33. Kg4 Rf4+ 34. Kh5 Kh7 35. Rh3 Rf5 36. Re3 Rf4 37. Re7+ Kg8 38. Kxh6 g4 39. Rg7+ Kf8 40. Rc7 g3
41. Rc8+ Kf7 42. Rc7+ Kg8 43. Rg7+ Kf8 44. Rxg3 Rh4+ 45. Kg5 Rh7 46. Rf3+ Rf7 47. Rxf7+ Kxf7 48. Kf5
1-0

[Event "September Blitz"]
[Site "SchemingMind.com"]
[Date "2011.09.07"]
[Round "-"]
[White "emvarela"]
[Black "e_castle3"]
[Result "1-0"]
[WhiteCountry "ARG"]
[BlackCountry "PHI"]
[WhiteElo "1774"]
[WhiteRD "47"]
[BlackElo "1850"]
[BlackRD "56"]
[GameID "292151"]

1. e4 Nc6 2. d4 d5 3. e5 Bf5 4. Nf3 e6 5. Bb5 a6 6. Bxc6+ bxc6 7. O-O h6 8. Be3 Ne7 9. Nbd2 Bh7 10. c4 Nf5
11. Qe2 g5 12. c5 Bg7 13. h3 O-O 14. g4 Ne7 15. b4 Qd7 16. Nh2 Ng6 17. f4 f6 18. fxg5 fxg5 19. Rxf8+ Nxf8 20. Ndf3 Qd8
21. h4 gxh4 22. Qd2 Ng6 23. Bxh6 Qf8 24. Bxg7 Qxg7 25. Ng5 Nf8 26. Nxh7 Nxh7 27. Rf1 Rf8 28. Rxf8+ Kxf8 29. Qf4+ Ke7 30. Nf3 h3
31. Kh2 Qh8 32. Ng5 Nxg5 33. Qxg5+ Kd7 34. Qh5 Qf8 35. Qh7+ Kc8 36. Qd3 Kb7 37. Kxh3 Qh6+ 38. Kg3 Qg5 39. a4 Qc1 40. b5 Qe1+=
41. Kf4 Qc1+ 42. Kf3 Qh1+ 43. Kf2 Qh4+ 44. Qg3 Qg5 45. bxa6+ Kxa6 46. Qd3+ Ka5 47. Kf3 Qc1 48. Qe3 Qh1+ 49. Kg3 Kxa4 50. g5 Qh5
51. Qf4 Qg6 52. Kg4 Kb4 53. Qf6 Qe4+ 54. Kh5 Qh1+ 55. Kg6 Qe4+ 56. Kf7 Qh7+ 57. Kxe6 Qg8+ 58. Kf5 Kc4 59. g6 Kxd4 60. e6+ Kxc5
61. Qe7+ Kd4 62. Qxc7 Qh8 63. Qb6+ c5 64. Qb2+
1-0

[Event "September Blitz"]
[Site "SchemingMind.com"]
[Date "2011.09.07"]
[Round "-"]
[White "emvarela"]
[Black "mmccaffe"]
[Result "1-0"]
[WhiteCountry "ARG"]
[BlackCountry "USA"]
[WhiteElo "1751"]
[WhiteRD "48"]
[BlackElo "1628"]
[BlackRD "50"]
[GameID "292152"]

1. e4 c5 2. Nf3 d6 3. d4 cxd4 4. Nxd4 Nf6 5. Nc3 a6 6. Be3 e5 7. Nb3 Be7 8. f3 O-O 9. Qd2 Nbd7 10. O-O-O Qc7
11. Bd3 b5 12. Nd5 Nxd5 13. exd5 Bb7 14. f4 exf4 15. Bxf4 Rac8 16. g4 Nb6 17. h4
1-0

[Event "September Blitz"]
[Site "SchemingMind.com"]
[Date "2011.09.07"]
[Round "-"]
[White "jtrochez1"]
[Black "emvarela"]
[Result "0-1"]
[WhiteCountry "HON"]
[BlackCountry "ARG"]
[WhiteElo "1592"]
[WhiteRD "49"]
[BlackElo "1728"]
[BlackRD "46"]
[GameID "292153"]

1. e4 e5 2. Bc4 Nf6 3. d3 Nc6 4. Nf3 Bc5 5. h3 d6 6. Nc3 h6 7. a3 a6 8. Qe2 O-O 9. Be3 Qe8 10. Bxc5 dxc5
11. O-O Nd4 12. Nd5 Nxe2+
0-1

[Event "September Blitz"]
[Site "SchemingMind.com"]
[Date "2011.09.07"]
[Round "-"]
[White "e_castle3"]
[Black "emvarela"]
[Result "1-0"]
[WhiteCountry "PHI"]
[BlackCountry "ARG"]
[WhiteElo "1877"]
[WhiteRD "52"]
[BlackElo "1751"]
[BlackRD "48"]
[GameID "292154"]

1. Nf3 d5 2. d4 Nf6 3. Bf4 c5 4. e3 Nc6 5. Be2 e6 6. O-O Bd7 7. a3 Qb6 8. b3 cxd4 9. exd4 Be7 10. h3 O-O
11. Be3 h6 12. c4 dxc4 13. d5 Bc5 14. Bxc5 Qxc5 15. dxc6 Bxc6 16. Bxc4 b5 17. Be2 Bxf3 18. Bxf3 Rad8 19. Qc1 Qe5 20. Qc3 Qf5
21. Nd2 Rc8 22. Qe3 Rfd8 23. Rfd1 Rd3 24. Qxa7 Rc2 25. Nf1 Rxf3 26. gxf3 Qxh3 27. Qb8+ Kh7 28. Qg3 Qh5 29. a4 bxa4 30. bxa4 Rc5
31. f4 g5 32. Qd3+ Kg7 33. Ng3 Qg4 34. fxg5 Rxg5 35. Qd4
1-0

[Event "September Blitz"]
[Site "SchemingMind.com"]
[Date "2011.09.07"]
[Round "-"]
[White "mmccaffe"]
[Black "emvarela"]
[Result "0-1"]
[WhiteCountry "USA"]
[BlackCountry "ARG"]
[WhiteElo "1628"]
[WhiteRD "50"]
[BlackElo "1751"]
[BlackRD "48"]
[GameID "292155"]

1. e4 e5 2. Nf3 Nc6 3. Bc4 Bc5 4. d3 Nf6 5. O-O d6 6. Nc3 Bg4 7. h3 Bxf3 8. Qxf3 Nd4 9. Qd1 c6 10. Be3 O-O
11. Ne2 Nxe2+ 12. Qxe2 Bxe3 13. fxe3 b5 14. Bb3 a5 15. a3 a4 16. Ba2 d5 17. exd5 Nxd5
0-1

[Event "September Blitz"]
[Site "SchemingMind.com"]
[Date "2011.09.03"]
[Round "-"]
[White "kenneth m day"]
[Black "jtrochez1"]
[Result "1-0"]
[WhiteCountry "USA"]
[BlackCountry "HON"]
[WhiteElo "1943"]
[WhiteRD "55"]
[BlackElo "1592"]
[BlackRD "49"]
[GameID "292193"]

1. d4 Nf6 2. Nf3 d5 3. e3 Bg4 4. c4 e6 5. Qb3 dxc4 6. Bxc4 Qc8 7. Ne5 Bd6 8. O-O Bxe5 9. dxe5 Nfd7 10. f4 O-O
11. Nc3 Nb6 12. Bd3 Qd7 13. Ne4 Qe7 14. Bd2 Nc6 15. Qc2 Bf5 16. Ng5 Bxd3 17. Qxd3 g6 18. Rf3 Rad8 19. Qe2 Kg7 20. Rd1 Nd5
21. Rh3 Rh8 22. Qg4 h6 23. Ne4 Qe8 24. Bc1 Nce7 25. Nf6 Nxf6 26. exf6+ Kxf6 27. b3 Rxd1+ 28. Qxd1 Rh7 29. Qd4+
1-0

[Event "September Blitz"]
[Site "SchemingMind.com"]
[Date "2011.09.03"]
[Round "-"]
[White "kenneth m day"]
[Black "e_castle3"]
[Result "0-1"]
[WhiteCountry "USA"]
[BlackCountry "PHI"]
[WhiteElo "1943"]
[WhiteRD "55"]
[BlackElo "1849"]
[BlackRD "52"]
[GameID "292194"]

1. d4 d5 2. Nf3 Nf6 3. e3 Bf5 4. Bd3 Bg6 5. Bxg6 hxg6 6. Qd3 Nbd7 7. Nbd2 Nb6 8. b3 e6 9. O-O Bd6 10. Bb2 c6
11. Ne5 Qc7 12. f4 O-O-O 13. Rac1 Rh6 14. Ndf3 Ne4 15. c4 Bxe5 16. fxe5 f5 17. exf6 gxf6 18. Rc2 Rdh8 19. g3 Nxg3 20. Rff2 Ne4
21. Rg2 g5 22. Nd2 Rxh2 23. Nxe4 Rxg2+ 24. Rxg2 dxe4 25. Qxe4 Qf7 26. Qf3 Nd7 27. Rxg5 Qh7 28. Rg2 Qh1+ 29. Kf2 Qb1 30. Qe2 Qxa2
31. Qc2 Qa5 32. d5 exd5 33. Bc3 Qc5 34. Qf5 dxc4 35. Qg4 cxb3 36. Bxf6 Rf8
0-1

[Event "September Blitz"]
[Site "SchemingMind.com"]
[Date "2011.09.03"]
[Round "-"]
[White "kenneth m day"]
[Black "mmccaffe"]
[Result "1-0"]
[WhiteCountry "USA"]
[BlackCountry "USA"]
[WhiteElo "1943"]
[WhiteRD "55"]
[BlackElo "1668"]
[BlackRD "48"]
[GameID "292195"]

1. d4 d5 2. Nf3 Nf6 3. e3 e6 4. Bd3 c5 5. b3 Nc6 6. O-O Be7 7. Bb2 cxd4 8. exd4 O-O 9. Nbd2 Bd7 10. Ne5 Bd6
11. f4 Qc7 12. Qf3 Nb4 13. a3 Nxd3 14. Qxd3 Rac8 15. Rac1 Bc6 16. Rf3 Ne4 17. Nxc6 Qxc6 18. c4 Nxd2 19. Qxd2 dxc4 20. Rxc4 Qb6
21. Qd3 Rxc4 22. Qxc4 Qc6 23. Qd3 Rc8 24. Rf1 Qc2 25. Qxc2
1-0

[Event "September Blitz"]
[Site "SchemingMind.com"]
[Date "2011.09.07"]
[Round "-"]
[White "kenneth m day"]
[Black "emvarela"]
[Result "1-0"]
[WhiteCountry "USA"]
[BlackCountry "ARG"]
[WhiteElo "1938"]
[WhiteRD "56"]
[BlackElo "1751"]
[BlackRD "48"]
[GameID "292196"]

1. d4 Nf6 2. Nf3 d5 3. Bf4 c5 4. e3 Nc6 5. c3 e6 6. Bd3 Qb6 7. Qc2 c4 8. Be2 Be7 9. Nbd2 Bd7 10. Ne5 Nxe5
11. Bxe5 O-O 12. g4 Bc6 13. f4 Rac8 14. Bf3 Nd7 15. g5 f6 16. gxf6 Bxf6 17. Bxf6 Nxf6 18. O-O-O a5 19. Rdg1 Rc7 20. h4 Be8
21. h5 h6 22. Be2 a4 23. a3 Qc6 24. Nf3 Ne4 25. Ne5 Qb6 26. Bf3 Qb3 27. Bxe4 dxe4 28. Qxe4 Bc6 29. Nxc6 Rxc6 30. Rxg7+ Kxg7
31. Qg6+
1-0

[Event "September Blitz"]
[Site "SchemingMind.com"]
[Date "2011.09.03"]
[Round "-"]
[White "jtrochez1"]
[Black "kenneth m day"]
[Result "0-1"]
[WhiteCountry "HON"]
[BlackCountry "USA"]
[WhiteElo "1592"]
[WhiteRD "49"]
[BlackElo "1943"]
[BlackRD "55"]
[GameID "292197"]

1. e4 e6 2. d4 d5 3. e5 c5 4. c3 Nc6 5. Nf3 Qb6 6. Qb3 Nge7 7. Qxb6 axb6 8. Be3 Nf5 9. Nbd2 cxd4 10. cxd4 Bb4
11. Bb5 Bd7 12. O-O Ra5 13. Bd3 O-O 14. Nb3 Ra7 15. a3 Be7 16. Bxf5 exf5 17. Bg5 Bxg5 18. Nxg5 h6 19. Nf3 Na5 20. Nxa5 bxa5
21. b4 Bb5 22. Rfc1 axb4 23. axb4 Rxa1 24. Rxa1 Rc8 25. h3 Rc4 26. Ra8+ Kh7 27. Rf8 Kg6 28. e6 Rc1+ 29. Kh2 fxe6 30. Ne5+ Kg5
31. Rf7 Rd1 32. Rxg7+ Kf4 33. Nf3 Be2 34. Ng1 Bc4 35. Rg3 Rxd4 36. Nf3 Rd1 37. Rg6 d4 38. Rxe6 Bxe6
0-1

[Event "September Blitz"]
[Site "SchemingMind.com"]
[Date "2011.09.03"]
[Round "-"]
[White "e_castle3"]
[Black "kenneth m day"]
[Result "1-0"]
[WhiteCountry "PHI"]
[BlackCountry "USA"]
[WhiteElo "1877"]
[WhiteRD "52"]
[BlackElo "1938"]
[BlackRD "56"]
[GameID "292198"]

1. e4 e6 2. d4 d5 3. exd5 exd5 4. Nf3 Nf6 5. Bd3 Bd6 6. O-O O-O 7. Re1 Nc6 8. c3 Bg4 9. h3 Bh5 10. Bg5 h6
11. Bxf6 Qxf6 12. Nbd2 Rae8 13. Qc2 Bf4 14. b4 a6 15. a4 Ne7 16. Ne5 Bxe5 17. Rxe5 Bg6 18. Bxg6 fxg6 19. Nf3 Qd6 20. Rae1 Rf7
21. Re6 Qd7 22. R6e3 Ref8 23. R3e2 Qf5 24. Qa2 c6 25. Rxe7 Rxe7 26. Rxe7 Qd3 27. Qd2 Qb1+ 28. Kh2 Qf5 29. Rxb7 g5 30. Rb6 g4
31. hxg4 Qxg4 32. Rxc6 Rf5 33. Rxa6 Qe4 34. Qe3 Rh5+ 35. Kg1 Qb1+ 36. Qe1 Qd3 37. Ra8+ Kh7 38. b5 Qf5 39. b6
1-0

[Event "September Blitz"]
[Site "SchemingMind.com"]
[Date "2011.09.03"]
[Round "-"]
[White "mmccaffe"]
[Black "kenneth m day"]
[Result "0-1"]
[WhiteCountry "USA"]
[BlackCountry "USA"]
[WhiteElo "1668"]
[WhiteRD "48"]
[BlackElo "1943"]
[BlackRD "55"]
[GameID "292199"]

1. e4 e6 2. d4 d5 3. Nc3 Nf6 4. Bg5 Be7 5. e5 Nfd7 6. Bxe7 Qxe7 7. f4 a6 8. Nf3 c5 9. dxc5 Nxc5 10. Qd2 Nc6
11. Bd3 Nxd3+ 12. cxd3 Qb4 13. O-O-O b5 14. Ne2 Bb7 15. Qxb4 Nxb4 16. a3 Nc6 17. Kb1 O-O 18. Rc1 Rac8 19. Ned4 Ne7 20. Nb3 Nf5
21. g4 Ne3 22. Rhe1 Nxg4 23. Rg1 Nf2 24. d4 Nd3 25. Rxc8 Rxc8 26. Nc1 Nxf4 27. Nb3 h6 28. Nc5 Rc7
0-1

[Event "September Blitz"]
[Site "SchemingMind.com"]
[Date "2011.09.07"]
[Round "-"]
[White "emvarela"]
[Black "kenneth m day"]
[Result "0-1"]
[WhiteCountry "ARG"]
[BlackCountry "USA"]
[WhiteElo "1751"]
[WhiteRD "48"]
[BlackElo "1938"]
[BlackRD "56"]
[GameID "292200"]

1. e4 e6 2. d4 d5 3. Nc3 Nf6 4. e5 Nfd7 5. f4 a6 6. Nf3 c5 7. Be3 Nc6 8. Qd2 Be7 9. Be2 O-O 10. O-O f6
11. exf6 Rxf6 12. dxc5 Nxc5 13. Nd4 Qc7 14. Nxc6 Qxc6 15. Bxc5 Bxc5+ 16. Kh1 b5 17. a3 Bd6 18. Bd3 Bb7 19. Rae1 Raf8 20. Ne2 Qc7
21. c3 e5 22. fxe5 Rxf1+ 23. Rxf1 Rxf1+ 24. Ng1 Bxe5 25. Bxf1 Bxh2 26. Nf3 Bf4 27. Qe2 Bc6 28. Qe6+ Kf8 29. Bd3 Qd7 30. Qe2 Qg4
31. Qf2 Qh5+ 32. Kg1 Qh6 33. Nd4 Bd7 34. Nf5 Bh2+ 35. Kf1 Qc1+ 36. Qe1 Bf4 37. b3 g6 38. Nd4 Qe3 39. Qxe3 Bxe3 40. Ke2 Bxd4
41. cxd4 Ke7 42. Kf3 Kf6 43. g4 Kg5 44. Kg3 Bxg4 45. Bf1 h5 46. Bg2 Be6 47. b4 h4+
0-1

[Event "September Blitz"]
[Site "SchemingMind.com"]
[Date "2011.09.05"]
[Round "-"]
[White "CortexContusion"]
[Black "jtrochez1"]
[Result "1-0"]
[WhiteCountry "USA"]
[BlackCountry "HON"]
[WhiteElo "1779"]
[WhiteRD "69"]
[BlackElo "1592"]
[BlackRD "49"]
[GameID "292295"]

1. c4 g6 2. d4 Bg7 3. Nf3 d6 4. g3 Bg4 5. Bg2 c6 6. Nc3 Nf6 7. O-O O-O 8. e4 Nbd7 9. Qd3 Bxf3 10. Bxf3 e5
11. d5 c5 12. Bg5 Qc7 13. Nb5 Qb8 14. Rac1 a6 15. Nc3 Ne8 16. Bg4 Nb6 17. Be7 Nf6 18. Bxf8 Nxg4 19. Bxg7 Kxg7 20. f3 Nf6
21. Rf2 Nbd7 22. Rcf1 Nb6 23. f4 exf4 24. Rxf4 Nbd7 25. Qe2 Qg8 26. g4 Rf8 27. h4 Kh8 28. Qf2 Qg7 29. g5 Ne5 30. Rxf6 Nxc4
31. Rxf7 Rxf7 32. Qxf7 Qxf7 33. Rxf7 b5 34. b3 Ne5 35. Ra7 Nf3+ 36. Kf2 Nxh4 37. Kg3 b4 38. Ne2
1-0

[Event "September Blitz"]
[Site "SchemingMind.com"]
[Date "2011.09.06"]
[Round "-"]
[White "CortexContusion"]
[Black "e_castle3"]
[Result "1-0"]
[WhiteCountry "USA"]
[BlackCountry "PHI"]
[WhiteElo "1779"]
[WhiteRD "69"]
[BlackElo "1849"]
[BlackRD "52"]
[GameID "292296"]

1. d4 d5 2. c4 e6 3. Nc3 Nf6 4. cxd5 exd5 5. Bg5 Be7 6. e3 O-O 7. Qc2 h6 8. Bh4 Re8 9. Bd3 Nc6 10. a3 g5
11. Bg3 Bf8 12. Nge2 Bg4 13. h3 Bh5 14. Nb5 Rc8 15. Bf5 Nd7 16. h4 Bxe2 17. Qxe2 a6 18. hxg5 axb5 19. gxh6 Kh8 20. h7 Bg7
21. Bh4 f6 22. Qg4 Re7 23. Rh3 Ra8 24. Rg3 Ra4 25. O-O-O Nce5 26. Qh5 Nc6 27. Bxd7 Rxd7 28. Rxg7 Rxg7 29. Bxf6 Qf8 30. Bxg7+ Kxg7
31. Qg5+ Kh8 32. Rh1 Ra8 33. f4 b4 34. a4 Re8 35. Rh6 Ne7 36. g4 Qg7 37. Qh5 Rf8 38. Re6 Qf7 39. Qe5+
1-0

[Event "September Blitz"]
[Site "SchemingMind.com"]
[Date "2011.09.06"]
[Round "-"]
[White "CortexContusion"]
[Black "mmccaffe"]
[Result "1-0"]
[WhiteCountry "USA"]
[BlackCountry "USA"]
[WhiteElo "1805"]
[WhiteRD "69"]
[BlackElo "1628"]
[BlackRD "50"]
[GameID "292297"]

1. d4 Nf6 2. f3 g6 3. e4 d6 4. Nc3 Bg7 5. Be3 O-O 6. Qd2 Nbd7 7. Bd3 c5 8. h4 cxd4 9. Bxd4 h5 10. Nge2 Nc5
11. Bc4 a6 12. Rd1 b5 13. Bb3 Nxb3 14. axb3 Bb7 15. Qe3 Qc7 16. Bb6 Qc6 17. Nd5 Nxd5 18. exd5 Qxc2 19. Rc1 Qxb2 20. O-O Rac8
21. Rb1 Qe5 22. Bd4 Qxe3+ 23. Bxe3 Bxd5 24. Rfd1 Be6 25. Nd4
1-0

[Event "September Blitz"]
[Site "SchemingMind.com"]
[Date "2011.09.07"]
[Round "-"]
[White "CortexContusion"]
[Black "emvarela"]
[Result "1/2-1/2"]
[WhiteCountry "USA"]
[BlackCountry "ARG"]
[WhiteElo "1805"]
[WhiteRD "69"]
[BlackElo "1751"]
[BlackRD "48"]
[GameID "292298"]

1. e4 e5 2. Nf3 Nc6 3. Bb5 a6 4. Ba4 Nf6 5. O-O Be7 6. Re1 b5 7. Bb3 O-O 8. c3 d5 9. exd5 Nxd5 10. Nxe5 Nxe5
11. Rxe5 c6 12. d4 Bd6 13. Re1 Qh4 14. g3 Qh3 15. Re4 g5 16. Qf1 Qxf1+ 17. Kxf1 Bf5 18. Re1 Rae8 19. Rxe8 Rxe8 20. Kg2 Re1
21. Bxg5 Be4+ 22. f3 Re2+ 23. Kf1 Bxf3 24. Nd2 Bh5 25. Kg1 Be7 26. Bh6 Re6 27. Bxd5 cxd5 28. Bf4 Re2 29. Kf1 Rxh2 30. Kg1 Re2
31. b3 Bd6 32. Bxd6 Rxd2 33. Bb4 Rd1+ 34. Rxd1 Bxd1 35. Kf2 Bc2 36. Ke2 h5 37. Be7 Kg7 38. Ke3 Kg6 39. Kf4 f6 40. Bd8=
1/2-1/2

[Event "September Blitz"]
[Site "SchemingMind.com"]
[Date "2011.09.05"]
[Round "-"]
[White "CortexContusion"]
[Black "kenneth m day"]
[Result "0-1"]
[WhiteCountry "USA"]
[BlackCountry "USA"]
[WhiteElo "1779"]
[WhiteRD "69"]
[BlackElo "1943"]
[BlackRD "55"]
[GameID "292299"]

1. e4 e6 2. d4 d5 3. Nd2 Nf6 4. e5 Nfd7 5. Bd3 c5 6. c3 Nc6 7. Ne2 Be7 8. O-O O-O 9. Nf3 Qb6 10. b3 Qd8
11. Be3 cxd4 12. Nexd4 Nxd4 13. cxd4 f6 14. Bf4 fxe5 15. Nxe5 Rxf4
0-1

[Event "September Blitz"]
[Site "SchemingMind.com"]
[Date "2011.09.05"]
[Round "-"]
[White "jtrochez1"]
[Black "CortexContusion"]
[Result "0-1"]
[WhiteCountry "HON"]
[BlackCountry "USA"]
[WhiteElo "1571"]
[WhiteRD "53"]
[BlackElo "1805"]
[BlackRD "69"]
[GameID "292300"]

1. e4 Nc6 2. Bc4 e5 3. Nf3 Nf6 4. d3 Bc5 5. Bg5 h6 6. Bh4 d6 7. h3 g5 8. Bg3 Nh5 9. Nxe5 Nxe5 10. Bxe5 dxe5
11. Qxh5 Qf6 12. Qf3 Qxf3 13. gxf3 Rf8 14. Nc3 Bb4 15. Kd2 f5 16. a3 Ba5 17. b4 Bb6 18. Nd1 Bd4 19. c3 Bb6 20. Ne3 Bxe3+
21. Kxe3 Bd7 22. a4 Rf6 23. b5 Rd8 24. d4 f4+ 25. Ke2 exd4 26. cxd4 Be6 27. d5 Bf7 28. Rad1 c6 29. Bd3 cxd5 30. exd5 Rxd5
31. Be4 Rxd1 32. Rxd1 Bc4+ 33. Bd3 Re6+ 34. Kd2 Rd6 35. Kc2 Be6 36. Bg6+ Ke7 37. Re1 Kf6 38. Be4 b6 39. Rh1 Rd4 40. Ra1 Bxh3
41. Kc3 Rd7 42. Bc6 Rh7 43. Rd1 h5 44. Rd6+ Be6 45. Kd2 h4 46. Ke1 h3 47. Ke2 h2 48. Bd7 Rxd7
0-1

[Event "September Blitz"]
[Site "SchemingMind.com"]
[Date "2011.09.05"]
[Round "-"]
[White "e_castle3"]
[Black "CortexContusion"]
[Result "1-0"]
[WhiteCountry "PHI"]
[BlackCountry "USA"]
[WhiteElo "1849"]
[WhiteRD "52"]
[BlackElo "1779"]
[BlackRD "69"]
[GameID "292301"]

1. f4 d5 2. e3 g6 3. d4 Nf6 4. Nd2 Bg7 5. Ndf3 Nc6 6. Ne5 Ne4 7. Ngf3 Nxe5 8. Nxe5 e6 9. Nf3 O-O 10. Bd3 e5
11. fxe5 Bg4 12. O-O Ng5 13. Be2 Ne4 14. Nd2 Bxe2 15. Qxe2 f5 16. c4 c6 17. Nxe4 fxe4 18. Bd2 Qg5 19. cxd5 cxd5 20. Qb5 Rad8
21. Qxb7 Qg4 22. Rxf8+ Rxf8 23. Qxd5+ Kh8 24. Qb5 Qf5 25. Rf1 Qc8 26. Rxf8+ Qxf8 27. Qb7
1-0

[Event "September Blitz"]
[Site "SchemingMind.com"]
[Date "2011.09.06"]
[Round "-"]
[White "mmccaffe"]
[Black "CortexContusion"]
[Result "0-1"]
[WhiteCountry "USA"]
[BlackCountry "USA"]
[WhiteElo "1668"]
[WhiteRD "48"]
[BlackElo "1779"]
[BlackRD "69"]
[GameID "292302"]

1. e4 e6 2. d4 d5 3. Nc3 Bb4 4. e5 c5 5. a3 Ba5 6. Qg4 g6 7. Nf3 f5 8. Qg3 cxd4 9. Nxd4 Nc6 10. Be3 Bxc3+
11. bxc3 Qc7 12. Bd2 Nxd4 13. cxd4 Bd7 14. Bd3 Ne7 15. O-O Nc6 16. Bg5 Nxd4 17. Bf6 Rg8 18. Qh4 Ba4 19. g4 Nf3+
0-1

[Event "September Blitz"]
[Site "SchemingMind.com"]
[Date "2011.09.07"]
[Round "-"]
[White "emvarela"]
[Black "CortexContusion"]
[Result "0-1"]
[WhiteCountry "ARG"]
[BlackCountry "USA"]
[WhiteElo "1751"]
[WhiteRD "48"]
[BlackElo "1805"]
[BlackRD "69"]
[GameID "292303"]

1. e4 c5 2. Nf3 g6 3. d4 cxd4 4. Nxd4 Nc6 5. c4 Nf6 6. Nc3 e5 7. Nb3 Bg7 8. Bg5 d6 9. Bxf6 Bxf6 10. Nd5 Bg7
11. Qd2 O-O 12. c5 Be6 13. cxd6 Bxd5 14. exd5 Nd4 15. Bc4 Qxd6 16. Nxd4 exd4 17. O-O a6 18. Qd3 b5 19. Bb3 Rab8 20. Rac1 a5
21. Rc6 Qe5 22. Rfc1 a4 23. Bc2 Qxd5 24. Bd1 Rfe8 25. Bf3 Qxa2 26. R6c5 Qxb2 27. Bd5 Qb4 28. Rc7 Re1+ 29. Rxe1 Qxe1+ 30. Qf1 Qxf1+
31. Kxf1 Kh8 32. Rxf7 Rd8 33. Rf3 Rxd5
0-1